Identifying the Impact of Consumer Behavior on Food Sales in the Slovak Republic

Identifikovanie spotrebiteľského správania na slovenskom potravinovom trhu a určenie jeho vplyvu na maloobchodný predaj - výsledky marketingového dotazníkového prieskumu z obdobia 10-11/2017.

Guardado en:
Detalles Bibliográficos
Autor principal: Lacková, Alica
Otros Autores: Karkalíková, Marta
Formato: Capítulo de libro
Lenguaje:inglés
Materias:
Etiquetas: Agregar Etiqueta
Sin Etiquetas, Sea el primero en etiquetar este registro!

MARC

LEADER 00000nla$a2200000$$$4500
001 0242807
005 20240502083650.9
041 0 |a eng 
044 |a ID 
245 1 0 |a Identifying the Impact of Consumer Behavior on Food Sales in the Slovak Republic  |c Alica Lacková, Marta Karkalíková 
520 |a Identifikovanie spotrebiteľského správania na slovenskom potravinovom trhu a určenie jeho vplyvu na maloobchodný predaj - výsledky marketingového dotazníkového prieskumu z obdobia 10-11/2017. 
610 2 0 |a spotrebitelia 
610 2 0 |a správanie spotrebiteľa 
610 2 0 |a trh potravinový 
610 2 0 |a nákup 
610 2 0 |a potraviny 
610 2 0 |a predaj 
610 2 0 |a maloobchod 
610 2 0 |a marketing 
610 2 0 |a výskum marketingový 
610 2 0 |a Slovensko 
100 1 |a Lacková, Alica 
700 1 |a Karkalíková, Marta